Regional Economic Development (Record no. 6784)
[ view plain ]
| 000 -LEADER | |
|---|---|
| fixed length control field | 00531nam a22001577a 4500 |
| 008 - FIXED-LENGTH DATA ELEMENTS--GENERAL INFORMATION | |
| fixed length control field | 200327b ||||| |||| 00| 0 eng d |
| 020 ## - INTERNATIONAL STANDARD BOOK NUMBER | |
| International Standard Book Number | 13 978-3-540-34826-9 |
| 082 ## - DEWEY DECIMAL CLASSIFICATION NUMBER | |
| Classification number | 307 STI |
| 100 ## - MAIN ENTRY--PERSONAL NAME | |
| Personal name | STIMSON, Robert J. |
| 245 ## - TITLE STATEMENT | |
| Title | Regional Economic Development |
| Remainder of title | Analysis and Planning Strategy |
| Statement of responsibility, etc. | Robert J. Stimson, Roger R. Stough and Brian H. Roberts |
| Medium | English |
| 250 ## - EDITION STATEMENT | |
| Edition statement | 2nd ed. |
| 260 ## - PUBLICATION, DISTRIBUTION, ETC. (IMPRINT) | |
| Place of publication, distribution, etc. | Australia |
| Name of publisher, distributor, etc. | Springer |
| Date of publication, distribution, etc. | 2006 |
| 300 ## - PHYSICAL DESCRIPTION | |
| Extent | x,452p. |
| Other physical details | Illustration |
| Dimensions | 24cm |
| 650 ## - SUBJECT ADDED ENTRY--TOPICAL TERM | |
| Source of heading or term | Regional Economic Development |
| 942 ## - ADDED ENTRY ELEMENTS (KOHA) | |
| Source of classification or shelving scheme | |
| Koha item type | BOOKS |
| Withdrawn status | Lost status | Source of classification or shelving scheme | Damaged status | Not for loan | Home library | Current library | Date acquired | Total Checkouts | Full call number | Barcode | Date last seen | Price effective from | Koha item type |
|---|---|---|---|---|---|---|---|---|---|---|---|---|---|
| Mwanza | Mwanza | 27/03/2020 | 307 STI | 10000002166 | 27/03/2020 | 27/03/2020 | BOOKS | ||||||
| Mwanza | Mwanza | 27/03/2020 | 307 STI | 10000002167 | 27/03/2020 | 27/03/2020 | BOOKS |